Abbreviations in Business Correspondence bakalárska práca

Salvato in:
Dettagli Bibliografici
Autore principale: Kollár, Roman Maximilián
Ente Autore: Fakulta aplikovaných jazykov EU v Bratislave. Katedra interkultúrnej komunikácie
Altri autori: Pavlíková, Žaneta, 1973-
Natura: Libro
Lingua:inglese
Pubblicazione: Bratislava 2022
Tags: Aggiungi Tag
Nessun Tag, puoi essere il primo ad aggiungerne!!

MARC

LEADER 00000nbm a2200000 4500
001 0284711
005 20230605095016.6
041 0 |a eng 
044 |a SK 
245 1 0 |a Abbreviations in Business Correspondence  |b bakalárska práca  |c Roman Maximilián Kollár ; školiteľ: Žaneta Pavlíková 
264 1 |a Bratislava  |c 2022 
300 |a 45 s. 
100 1 |a Kollár, Roman Maximilián 
700 1 |a Pavlíková, Žaneta, 1973- 
710 2 |a Fakulta aplikovaných jazykov EU v Bratislave. Katedra interkultúrnej komunikácie